<?xml version="1.0" encoding="UTF-8"?><collection xmlns="info:lc/xmlns/marcxchange-v2"><record format="Unimarc" type="bibliographic"><leader>00858cam  2200253   450 </leader><controlfield tag="001">2317296</controlfield><controlfield tag="003">http://id.bnportugal.gov.pt/bib/porbase/2317296</controlfield><controlfield tag="005">20030910145700.0</controlfield><datafield ind1=" " ind2=" " tag="010"><subfield code="a">0-86597-279-6</subfield></datafield><datafield ind1=" " ind2=" " tag="035"><subfield code="a">UCJPII_202.iso/13-12-2010/9146</subfield></datafield><datafield ind1=" " ind2=" " tag="035"><subfield code="a">199249</subfield></datafield><datafield ind1=" " ind2=" " tag="100"><subfield code="a">20030910d1987    km y0pory0103    ba</subfield></datafield><datafield ind1="0" ind2=" " tag="101"><subfield code="a">eng</subfield></datafield><datafield ind1=" " ind2=" " tag="102"><subfield code="a">US</subfield></datafield><datafield ind1="1" ind2=" " tag="200"><subfield code="a">?The ?Founders´ Constitution</subfield><subfield code="f">ed. by Philip B. Kurland and Ralph Lerner</subfield></datafield><datafield ind1=" " ind2=" " tag="210"><subfield code="a">Indianapolis</subfield><subfield code="c">Liberty Fund</subfield><subfield code="d">1987</subfield></datafield><datafield ind1=" " ind2=" " tag="215"><subfield code="a">5 vol.</subfield><subfield code="d">28 cm</subfield></datafield><datafield ind1=" " ind2=" " tag="675"><subfield code="a">342.4(73)</subfield><subfield code="v">2med</subfield><subfield code="z">fre</subfield></datafield><datafield ind1=" " ind2="1" tag="702"><subfield code="a">Kurland</subfield><subfield code="b">Philip</subfield><subfield code="4">340</subfield></datafield><datafield ind1=" " ind2="1" tag="702"><subfield code="4">340</subfield><subfield code="a">Lerner</subfield><subfield code="b">Ralph</subfield></datafield><datafield ind1=" " ind2="0" tag="801"><subfield code="a">PT</subfield><subfield code="b">UCJPII</subfield><subfield code="g">RPC</subfield></datafield></record></collection>